| 000 | 00798 a2200301 4500 | ||
|---|---|---|---|
| 260 | _aNew York | ||
| 260 | _aSt Louis | ||
| 260 | _aSan Francisco | ||
| 100 | _aWAIT, John V. | ||
| 700 | _aHUELSMAN, Lawrence P. | ||
| 700 | _aKorn, Granino A. | ||
| 260 | _bMcGraw-Hill book company | ||
| 245 | _aIntroduction to operational amplifier theory and applications | ||
| 300 | _axv-396 p. | ||
| 650 | _a<Circuit életronique> | ||
| 650 | _a<Amplificateur opérationnel> | ||
| 260 | _cc1975 | ||
| 300 | _bfig. ; 24 cm | ||
| 130 | _lEn. | ||
| 035 | _a14057 | ||
| 500 | _aComprend un index à la fin du vol. | ||
| 020 | _a0-07-06765-4 | ||
| 999 |
_c12319 _d12319 |
||